Statistiques concernant Mots de la langue française terminés par "monie"

Cliquez ici pour prendre le quiz!

Statistiques générales

  • Ce quiz a été pris 229 fois
  • Le résultat moyen est 4 sur 8

Statistiques - réponses

IndiceMot% Correct
ritecérémonie
73%
suprématiehégémonie
71%
homogénéitéharmonie
68%
maladiepneumonie
64%
économieparcimonie
54%
agressivitéacrimonie
27%
trafic d'objets sacréssimonie
9%
associationphilharmonie
3%

Distribution des résultats

Percentile par nombre de réponses

% des personnes avec chaque résultat

Votre développement - résultats

Vous n’avez pas pris ce quiz